¿Son realmente tan buenos los nativos digitales? Relación entre las habilidades digitales y la lectura digital (Record no. 180236)

MARC details
000 -CABECERA
campo de control de longitud fija 02415nab a2200313 a 4500
005 - FECHA Y HORA DE LA ÚLTIMA TRANSACCIÓN
campo de control 20251210064103.0
008 - ELEMENTOS DE LONGITUD FIJA--INFORMACIÓN GENERAL
campo de control de longitud fija 991125c2016 sp tr p o 000 0 spa d
035 ## - NÚMERO DE CONTROL DEL SISTEMA
Número de control de sistema UPN01000208135
040 ## - FUENTE DE LA CATALOGACIÓN
Centro catalogador/agencia de origen MX-MxUPN
Lengua de catalogación spa
Centro/agencia transcriptor MX-MxUPN
Normas de descripción aacr2
049 ## - COLECCIÓN
Colección ART-E
100 1# - ASIENTO PRINCIPAL--NOMBRE PERSONAL
Nombre de persona Fajardo, Inmaculada
100 1# - ASIENTO PRINCIPAL--NOMBRE PERSONAL
Nombre de persona Villalta, Ester
100 1# - ASIENTO PRINCIPAL--NOMBRE PERSONAL
Nombre de persona Salmerón, Ladislao
100 1# - ASIENTO PRINCIPAL--NOMBRE PERSONAL
Filiación Ladislao.Salmeron@uv.es
245 10 - MENCIÓN DE TÍTULO
Título ¿Son realmente tan buenos los nativos digitales? Relación entre las habilidades digitales y la lectura digital
506 0# - NOTA DE RESTRICCIONES AL ACCESO
Limitaciones de acceso Acceso abierto
520 3# - NOTA DE RESUMEN, ETC.
Sumario, etc. La competencia en la lectura digital consiste en la comprensión, uso, reflexión y disfrute de los textos escritos con el fin de conseguir nuestros objetivos, desarrollar nuestro conocimiento y potencial, y participar en nuestra sociedad. En la actualidad se considera que los “nativos digitales”, aquellos estudiantes que desde la infancia han crecido rodeados de las tecnologías de la información, poseen las habilidades digitales básicas (usar el ratón, el navegador, ...) necesarias para desarrollar la competencia en la lectura digital. En el presente estudio ponemos a prueba esta visión, a partir de un estudio en el que estudiantes de 5º de Primaria y 3º de Secundaria realizaron una serie de tareas de lectura digital. Los estudiantes completaron asimismo varias pruebas objetivas para medir sus habilidades digitales básicas, así como si nivel de competencia lectora en papel. Los resultados mostraron que los estudiantes no sólo presentaban dificultades en numerosas habilidades digitales básicas, si no que éstas estaban relacionadas directamente con el éxito en tareas de lectura digital. Para concluir, se reflexiona sobre la necesidad de considerar la instrucción en las habilidades digitales básicas como parte de los esfuerzos actuales por mejorar la competencia en la lectura digital
650 #4 - ASIENTO SECUNDARIO DE MATERIA - TERMINO TEMATICO
Término de materia o nombre geográfico como elemento de entrada Comprensión lectora
9 (RLIN) 1537
650 #4 - ASIENTO SECUNDARIO DE MATERIA - TERMINO TEMATICO
Término de materia o nombre geográfico como elemento de entrada Educación primaria
9 (RLIN) 1552
650 #7 - ASIENTO SECUNDARIO DE MATERIA - TERMINO TEMATICO
Término de materia o nombre geográfico como elemento de entrada Educación secundaria
9 (RLIN) 4281
653 0# - TERMINO DE INDIZACION - NO CONTROLADO
Término no controlado Habilidades digitales
653 0# - TERMINO DE INDIZACION - NO CONTROLADO
Término no controlado Lectura digital
773 ## - ENLACE AL DOCUMENTO FUENTE/ENTRADA DE REGISTRO ANFITRIÓN
Parte(s) relacionada(s) Vol. 32, no. 1 (2016), p. 89-97
Título Anales de psicología = Annals of psychology
Número Internacional Normalizado para Publicaciones Seriadas 1695-2294
856 4# - LOCALIZACIÓN Y ACCESO ELECTRÓNICOS
Identificador Uniforme del Recurso <a href="https://revistas.um.es/analesps/article/view/analesps.32.1.185571">https://revistas.um.es/analesps/article/view/analesps.32.1.185571</a>
856 4# - LOCALIZACIÓN Y ACCESO ELECTRÓNICOS
Identificador Uniforme del Recurso <a href="https://doi.org/10.6018/analesps.32.1.185571">https://doi.org/10.6018/analesps.32.1.185571</a>
902 ## - ELEMENTOS DE DATOS B LOCAL, LDB (RLIN)
Creó Gloria Jiménez/080925
905 ## - TIPO DE MATERIAL
Tipo de material Articulo
942 ## - ELEMENTOS DE PUNTO DE ACCESO ADICIONAL (KOHA)
Tipo de ítem Koha Artículo Electrónico
Holdings
Estado de retiro Estado de pérdida Estado dañado No para préstamo Código de colección Localización permanente Ubicación/localización actual Ubicación en estantería Fecha de adquisición Total de préstamos Fecha visto por última vez Identificador Uniforme del Recurso Precio válido a partir de Tipo de ítem Koha
        Acceso abierto Bib. Gregorio Torres Quintero Bib. Gregorio Torres Quintero En línea 08/09/2025   08/09/2025 https://doi.org/10.6018/analesps.32.1.185571 08/09/2025 Artículo Electrónico